Statystyki dla Rock/Metal -Quiz Muzyczny (Wszystkie Dekady)

Kliknij tutaj aby rozwiązać quiz!

Ogólne statystyki

  • Ten quiz został rozwiązany 1 248 razy
  • Średni wynik to 28 z 117

Statystyki odpowiedzi

TytułWykonawca% Poprawnych
T.N.TAC/DC
86%
BaśkaWilki
73%
Biała ArmiaBajm
63%
Sen o WarszawieCzesław Niemen
63%
Marchewkowe PoleLady Pank
61%
ZombieThe Cranberries
61%
RadioactiveImagine Dragons
60%
Długość Dźwięku SamotnościMyslovitz
60%
Don't CryGuns N' Roses
56%
Chop Suey!System of a Down
56%
InnuendoQueen
55%
Biała FlagaRepublika
55%
Ale Wkoło Jest WesołoPerfect
54%
KashmirLed Zeppelin
53%
In BloomNirvana
53%
PoisonAlice Cooper
50%
Message in the BottleThe Police
49%
WonderwallOasis
47%
Crazy TrainOzzy Osbourne
47%
Enjoy the SilenceDepeche Mode
46%
Feel Good Inc.Gorillaz
45%
SonneRammstein
45%
40:1Sabaton
45%
JumpVan Halen
45%
Sympathy for the DevilThe Rolling Stones
44%
BosoZakopower
44%
Moja i Twoja NadziejaHEY
43%
High HopesPink Floyd
43%
Child in TimeDeep Purple
41%
Love me DoThe Beatles
41%
Can I Play With MadnessIron Maiden
40%
AjrishT. Love
40%
Szklana PogodaLombard
39%
Konik na BiegunachUrszula
39%
Za Ostatni GroszBudka Suflera
38%
Krew BogaKult
38%
Orła CieńVarius Manx
38%
Anarchy in UKSex Pistols
34%
Brothers in ArmsDire Straits
33%
Listen to Your HeartRoxette
32%
Man in the BoxAlice in Chains
31%
Ciągle PadaCzerwone Gitary
31%
AndziaOddział Zamknięty
31%
When I Come AroundGreen Day
30%
Z Kopyta Kulig RwieSkaldowie
29%
Cowboys From HellPantera
27%
Have a Nice DayBon Jovi
25%
VertigoU2
25%
W Moim OgrodzieDaab
24%
Rainbow in the DarkDio
24%
Free BirdLynyrd Skynyrd
24%
Call MeBlondie
23%
Where is my MindPixies
23%
Wytrąciłaś Mnie z RównowagiElektryczne Gitary
21%
I Can't DanceGenesis
21%
Passion Rules the GameScorpions
21%
Sunshine of Your LoveCream
20%
Electric EyeJudas Priest
19%
Dust in the WindKansas
18%
God of ThunderKISS
18%
She Will be LovedMaroon 5
18%
44 MinutesMegadeth
17%
Don't Fear the ReaperBlue Oyster Cult
14%
In My PlaceColdplay
14%
On Tu JestO.N.A.
14%
Just Like HeavenThe Cure
14%
Pinball WizardThe Who
14%
Shout at the DevilMotley Crue
13%
18 and LifeSkid Row
13%
Don't Let me be MisunderstoodThe Animals
13%
Come out and PlayThe Offspring
13%
Living Next Door to AliceSmokie
12%
Complete ControlThe Clash
12%
LoserBeck
11%
The One I LoveR.E.M.
11%
TerrorystanFarben Lehre
10%
Go Your Own WayFleetwood Mac
10%
Good VibrationsThe Beach Boys
10%
Hungry Like a WolfDuran Duran
9%
Lady in BlackUriah Heep
9%
Run RiotDef Leppard
8%
American PieDon McLean
8%
Die for MetalManowar
8%
1979Smashing Pumpkins
8%
In Too DeepSum 41
8%
Are You Dead Yet?Children of Bodom
7%
California Uber AllesDead Kennedys
7%
Say it Ain't SoWeezer
7%
Foreplay/LongplayBoston
6%
UliceEnej
6%
San Francisco (Be Sure to Wear Some Flowers in Your Hair)Scott McKenzie
6%
25 or 6 to 4Chicago
5%
Slow RideFoghat
5%
Crazy on YouHeart
5%
Rock Your SocksTenacious D
5%
I Think I'm ParanoidGarbage
4%
The Perfect DrugNine Inch Nails
4%
The JokerSteve Miller Band
4%
Stand TightAccept
3%
Gypsy RoadCinderella
3%
Mississipi QueenMountain
3%
I'd Love to Change the WorldTen Years After
3%
Hate to Say I Told You SoThe Hives
3%
500 MilesThe Hooters
3%
War is OverThe Kinks
3%
Dream PoliceCheap Trick
2%
VolunteersJefferson Airplane
2%
Man of Simple PleasuresKasabian
2%
NuclearMike Oldfield
2%
Late GoodbyePoets of the Fall
2%
Stray Cat StrutStray Cats
2%
Burning Like a FlameDokken
1%
Temporary MadnessGolden Earring
1%
Always With Me Always With YouJoe Satriani
1%
Bad Case of Lovin' YouRobert Palmer
1%
Story of my LifeSocial Distortion
1%
AutopsySchizma
0%

Rozkład punktacji

Percentyl według liczby udzielonych odpowiedzi

Procent ludzi z każdym wynikiem

Twoja historia wyników

Nie rozwiązałeś tego quizu